El dia del chacal /
Guardado en:
| Autor Principal: | |
|---|---|
| Formato: | Libro |
| Publicado: |
Buenos Aires :
Emecé,
1977
|
| Materias: | |
| Etiquetas: |
Agregar Etiqueta
Sin Etiquetas, Sea el primero en etiquetar este registro!
|
| LEADER | 00523nam a22001935a 4500 | ||
|---|---|---|---|
| 001 | CEM.cems016928 | ||
| 005 | 20121119141433.0 | ||
| 008 | 130507s1977##################000#0#####d | ||
| 003 | CEMS | ||
| 082 | 0 | 4 | |a 823 |
| 100 | 1 | |a Forsyth, Frederick | |
| 245 | 1 | 0 | |a El dia del chacal / |c Frederick Forsyth, |
| 260 | |a Buenos Aires : |b Emecé, |c 1977 | ||
| 300 | |a 400 p. | ||
| 653 | |a Literatura inglesa | ||
| 653 | |a Novela | ||
| 653 | |a Novela inglesa | ||
| 653 | |a Literatura | ||
| 859 | |a CEMS |b BIB. CEMS - Agricultura |h 823 |i F775-1 |p A0194.00 |t Ej.1 | ||
